Statistics for disciple 2019 releases

Click here to take the quiz!

General Stats

  • This quiz has been taken 2 times
  • The average score is 99 of 110

Answer Stats

HintAnswer% Correct
Rubber Band Boiz / Majestic 12 / Deadshot / Skiddim / Ribbit / Bubzstep12th Planet
100%
Hungry Hippos (Remix)5ohman
100%
InterdimensionalAce Aura
100%
Little Blip (Remix)Adair
100%
Off The GoopAkronym
100%
Hungry Hippos (Remix) / ToastedAl Ross
100%
How I Feel / Rise Up / Skrrt / Hustlin' / No CapAntiserum
100%
Take Me Over (Remix) / Wippit (Remix) / Want BeefAweminus
100%
ImmortalsBAINBRIDGE
100%
Weed Haha / Rubber Band Boiz / I Got Tha (Remix) / Excitebike! / Juice / Together Again / Space Bubblez / Stoopid / Weeble Wobble / Low End Theory / Straya / Mad Stacks / Weeble Wobble VIPBandlez
100%
Wack / Be Mine / Our Own Way / Rock The Beat / Break Em Down / My Favorite Star / Silence Is Golden (Remix) / Arsonist / Bloodshed / Weed Haha / Can't Hold Back / Crankin / Here We Go / Bubzstep / Spicy Future / Weeble WobbleBarely Alive
100%
BrickBueg
100%
Problem / 50 Shotz / Grunka / Robo Dub / Hostile / Frog Ting / Toasted / Crust And Jelly / Spy Fox / Want Beef / Brick / PacmengChibs
100%
Sidequest / Omega Cannon / Spacewonk / Wallbreaker / Mistakes (Remix) / Interdimensional / Potions / Wrong Warp / SurfaceChime
100%
ToastedCodd Dubz
100%
Excitebike!Computa
100%
Mad Stacks / No Clue / Drummer Boy / Surrender / BustazControl Freak
100%
BloodshedCrichy Crich
100%
HYFIECromatik
100%
Love PitCyberSex
100%
Bite / Ignition / Hellspawn / Clash / Pulsar VisionCyclops
100%
Bad DreamsDecimate
100%
Skrrt / No CapDefinitive
100%
HYFIEDetrace
100%
Gang ShitDion Timmer
100%
Rise From The Dead / Deconstruction / Last Stand / Trauma / No Mercy / In Your SkullDirtyphonics
100%
We Don't PlayDisciple
100%
Snap Ya NeckDoctor Werewolf
100%
Intro / GargoylesDodge & Fuski
100%
Cyber Whale / I'll Be There / Them / Weeble Wobble / Running / Crankin / Turtle Neck / Sinkhole / Stupid / You're Gonna Love Me / Weeble Wobble VIP / Numb / Everything / Weeble Wobble (Spoken Word)Eliminate
100%
UnspokenElle Exxe
100%
PanikFaceSplit
100%
BackHand / Turnbuckle / Intergalactic / Go BackFigure
100%
Here We GoFox Stevenson
100%
Back With A Vengeance (Remix)Gentlemens Club
100%
Love PitHELA
100%
Break ApartHerculez
100%
Close Your EyesINF1N1TE
100%
Streets of Rage (Remix) / Das Riddim / I Got Tha (Remix) / Alien Technology / Scuro / Ice Cream / Muramasa / Death Sickle / The Don / Boombox / Rewind / Score / Rumble / Showtime / Endless Party / Shoppe / Private Suite / Gung HoINFEKT
100%
wake up. kill. repeat. / Stigmata / Ashes / Penumbra / PanikINHUMAN
100%
Sick Gang / 93 Style VIPIVORY
100%
Level Up / HallelujahJayceeoh
100%
Bad DreamsJkyl & Hyde
100%
On My Ownjoegarratt
100%
No Rivals / Battleground / Imperious / ArrogancejPhelpz
100%
Off The GoopKleavr x Tantrum
100%
Head TopKompany
100%
You're Gonna Love MeLeah Culver
100%
Normalitea (Remix)Lektrique
100%
SidequestLoneMoon
100%
Bonkas / Hands Up / Drop Kick / Tiger Kung FuLOST
100%
Wompum (Remix)Macky Gee
100%
Massacre (Remix)MADGRRL
100%
Hallelujah / Heater / Do or Die / Strapped Up / All StarsMadreckless
100%
Our Own Way / Space Apocalypse / Nothing / The Fallout / Smoke Up / Lost Inside / Nothing (Live) / Mayday / The Beginning / Psycho / Blood / Without You / Old School / AlarmModestep
100%
RibbitMonxx
100%
Unspoken (Remix)MUZZ
100%
Bloodshed / Old School / Kyle / Send It (Remix)MVRDA
100%
Never KnowMyro
100%
Turnidup (Remix)Nasko
100%
Golden ClawsNitepunk
100%
Crash & BurnNorthlane
100%
BustazNVADRZ
100%
Oh JeezNyptane
100%
Dog Eat Dog (Remix) / My Vibe / Parachute / Say Nothing / Unspoken / Outerworld / Unspoken (Remix) / Never KnowOliverse
100%
Swamplex Terrestrial (Remix)Oolacile
100%
Fuccapop / Wippit / Titan / Destroy All Humans / Rubber Bands / Snap Ya Neck / FuccaVIPOski
100%
Lost It VIPPearl Andersson
100%
DigitalPeriphery
100%
Transcendency (Intro) / Mayday / Break Em / We Are The Free / Ultima / Crash & Burn / Insanity / Cadence (Interlude) / Digital / Demon Hunter / Lost / Headstone / Aurora (Outro) / Last Stand / Arsonist / Turtle Neck / BubzstepPhaseOne
100%
BackHandProtohype
100%
I Got ThaQUIX
100%
Without URob Gasser
100%
Weed HahaRod Azlan
100%
Shaolin RiddimSadhu
100%
Exposure (Remix) / Can't Hold Back / In Your Skull / Dirty / Infection / Better Bounce / Kyle / Send It (Remix)SampliFire
100%
IntroSamual L Jackson
100%
WallbreakerSekai
100%
HellspawnSHARPS
100%
LocustSkrude
100%
Close Your EyesSora
100%
Demon HunterSubtronics
100%
GargoylesTerravita
100%
Bee Squeak / Without U / Fat Reaper / On My OwnTrinergy
100%
TitanTYNAN
100%
Cobra Riddim VIPUZZI
100%
Nothing / Nothing (Live) / Das Riddim / Save Yourself / Wallmonger / Hysteria / Iteration (Interlude) / Self Checkout / GOAT / The Recall / Insides / Gang Shit / Lost It VIPVirtual Riot
100%
Brute Gang / Them / Arsonist / Problem / Gang Shit / Juice / Sick Gang / Head Top / 93 Style VIP / Gung HoVirus Syndicate
100%
IcarusArmanni Reign
50%
UltimaBone Thugs-N-Harmony
50%
Uppercut / Supernova / Brute Gang / AightBukez Finezt
50%
Let It Bang (Remix)Draeden
50%
Level UpEffin
50%
ToastedGetorix
50%
Intergalactic / Full Power / Gun Fingas / Issa Lotta Steeze / Lmao StompyHi I'm Ghost
50%
How I FeelKing Salomon
50%
LostKoven
50%
Rise UpMantis
50%
Go BackMark The Beast
50%
All StarsPoint.Blank
50%
Rise UpRonnie Canizaro
50%
PenumbraSnowhite
50%
On Lock / IcarusTeddy Killerz
50%
SupernovaThe Others
50%
Warrior (Remix)The Prototypes
50%
We Are The FreeThy Art Is Murder
50%
No ClueTRVCY
50%
DeadshotVulgatron
50%
Lmao StompyWyd!
50%
wake up. kill. repeat.King Bookie
0%

Score Distribution

Percentile by Number Answered

Percent of People with Each Score

Your Score History

You have not taken this quiz